| Tag |
First Indicator |
Second Indicator |
Subfields |
| LEADER |
00000cas a2200000 4500 |
| 001 |
in00000077542 |
| 005 |
20151008052759.0 |
| 008 |
800514d19uu1974cauuu 0uuua0eng d |
| 035 |
|
|
|a (OCoLC)06315553
|
| 035 |
|
|
|9 AAH4839AM
|
| 040 |
|
|
|a TXA
|c TXA
|d UtOrBLW
|
| 049 |
|
|
|a TXAE
|
| 090 |
|
|
|a TA404.5
|b .R5
|
| 110 |
2 |
|
|a Richardson Engineering Services.
|
| 245 |
1 |
0 |
|a Commercial-industrial estimatng and engineering standards.
|
| 264 |
|
1 |
|a Downey, Calif.
|b [publisher not identified] ;
|
| 300 |
|
|
|a volumes :
|b illustrations
|
| 336 |
|
|
|a text
|b txt
|2 rdacontent
|
| 337 |
|
|
|a unmediated
|b n
|2 rdamedia
|
| 338 |
|
|
|a volume
|b nc
|2 rdacarrier
|
| 362 |
0 |
|
|a 19 -1974?
|
| 500 |
|
|
|a Cover title.
|
| 500 |
|
|
|a Volume 1 of Richardson Engineering Services standards manuals.
|
| 500 |
|
|
|a Looseleaf for updating.
|
| 500 |
|
|
|a Title varies slightly.
|
| 550 |
|
|
|a Prepared by International Estimating Services.
|
| 650 |
|
0 |
|a Buildings
|v Specifications.
|
| 650 |
|
0 |
|a Standards, Engineering.
|
| 650 |
|
0 |
|a Building construction contracts.
|
| 710 |
2 |
|
|a International Estimating Services.
|
| 730 |
0 |
|
|a Richardson Engineering Services standards manual.
|
| 760 |
0 |
|
|t Richardson Engineering Services standards manuals
|
| 785 |
0 |
0 |
|a Richardson Engineering Services.
|t General construction estimating standards
|
| 999 |
|
|
|a MARS
|
| 999 |
f |
f |
|s 56253e25-8ded-3bd9-a8af-aaf96976e938
|i 3e2ba2e8-0a97-3be2-9d34-6a95a9e3c5a5
|t 0
|
| 952 |
f |
f |
|p ric
|a Texas A&M University
|b Rellis Campus
|c Joint Library Facility
|d Remote Storage
|t 0
|e TA404.5 .R5
|h Library of Congress classification
|i unmediated -- volume
|k v.1
|l 1970
|m A14841448824
|
| 998 |
f |
f |
|a TA404.5 .R5
|s 1971
|t 0
|l Remote Storage
|